Heterocyclic Chemistry (Record no. 113667)

MARC details
000 -LEADER
fixed length control field 00369nam a2200121Ia 4500
008 - FIXED-LENGTH DATA ELEMENTS--GENERAL INFORMATION
fixed length control field 211119s9999||||xx |||||||||||||| ||und||
082 ## - DEWEY DECIMAL CLASSIFICATION NUMBER
Classification number 547.59
Item number GIL-H
100 ## - MAIN ENTRY--PERSONAL NAME
Personal name Gilchrist, Thomas L
245 #0 - TITLE STATEMENT
Title Heterocyclic Chemistry
260 ## - PUBLICATION, DISTRIBUTION, ETC.
Name of publisher, distributor, etc. Pearson India Education Services
Place of publication, distribution, etc. 2007
Date of publication, distribution, etc. New Delhi
650 ## - SUBJECT ADDED ENTRY--TOPICAL TERM
Topical term or geographic name entry element Science
942 ## - ADDED ENTRY ELEMENTS (KOHA)
Koha item type BOOK
650 ## - SUBJECT ADDED ENTRY--TOPICAL TERM
Form subdivision Organic chemistryChemistry
General subdivision General Stack
Holdings
Withdrawn status Lost status Damaged status Not for loan Home library Current library Date acquired Cost, normal purchase price Total Checkouts Full call number Barcode Shelving location Date last seen Price effective from Koha item type
        SB LIBRARY SB LIBRARY 19/11/2021 450.00   547.59 GIL-H 00127125 GENERAL STACK 19/11/2021 19/11/2021 BOOK

Powered by Koha